000 00757cam a22002531 4500
999 _c7366
_d7366
001 7366
003 BD-JhCC
005 20180402190944.0
008 750403s1967 nyu 000 0 eng
035 _a(BD-JhCC)7366
035 _a(OCoLC)1251187
040 _aDLC
_cMAH
_dOCoLC
_dDLC
_dBD-JhCC
041 _aeng
050 0 0 _aML410.G94
_bG3 1967b
082 _a783.6/5/54
_bCAL 1976
100 1 _aGallico, Paul,
_d1897-1976.
245 1 4 _aThe story of Silent night /
_cPaul Gallico,
260 _aNew York :
_bCrown Publishers,
_c[c1967]
300 _a53 p.
_c20 cm.
600 1 0 _aGruber, Franz Xaver,
_d1787-1863.
_tStille Nacht, heilige Nacht.
600 1 0 _aMohr, Joseph,
_d1792-1848.
_tStille Nacht, heilige Nacht.
942 _2ddc
_cBK